<?xml version="1.0" encoding="UTF-8"?><?xml-stylesheet type="text/xsl" href="static/style.xsl"?><OAI-PMH xmlns="http://www.openarchives.org/OAI/2.0/" xmlns:xsi="http://www.w3.org/2001/XMLSchema-instance" xsi:schemaLocation="http://www.openarchives.org/OAI/2.0/ http://www.openarchives.org/OAI/2.0/OAI-PMH.xsd"><responseDate>2026-04-14T02:19:19Z</responseDate><request verb="GetRecord" identifier="oai:www.recercat.cat:11351/10649" metadataPrefix="marc">https://recercat.cat/oai/request</request><GetRecord><record><header><identifier>oai:recercat.cat:11351/10649</identifier><datestamp>2025-10-24T10:18:03Z</datestamp><setSpec>com_2072_378070</setSpec><setSpec>com_2072_378040</setSpec><setSpec>col_2072_378092</setSpec></header><metadata><record xmlns="http://www.loc.gov/MARC21/slim" xmlns:dcterms="http://purl.org/dc/terms/" xmlns:xsi="http://www.w3.org/2001/XMLSchema-instance" xmlns:doc="http://www.lyncode.com/xoai" xsi:schemaLocation="http://www.loc.gov/MARC21/slim http://www.loc.gov/standards/marcxml/schema/MARC21slim.xsd">
   <leader>00925njm 22002777a 4500</leader>
   <datafield ind2=" " ind1=" " tag="042">
      <subfield code="a">dc</subfield>
   </datafield>
   <datafield ind2=" " ind1=" " tag="720">
      <subfield code="a">Mujanovic, Adnan</subfield>
      <subfield code="e">author</subfield>
   </datafield>
   <datafield ind2=" " ind1=" " tag="720">
      <subfield code="a">Eker, Omer, Faruk</subfield>
      <subfield code="e">author</subfield>
   </datafield>
   <datafield ind2=" " ind1=" " tag="720">
      <subfield code="a">MARNAT, Gaultier</subfield>
      <subfield code="e">author</subfield>
   </datafield>
   <datafield ind2=" " ind1=" " tag="720">
      <subfield code="a">Strbian, Daniel</subfield>
      <subfield code="e">author</subfield>
   </datafield>
   <datafield ind2=" " ind1=" " tag="720">
      <subfield code="a">Ijäs, Petra</subfield>
      <subfield code="e">author</subfield>
   </datafield>
   <datafield ind2=" " ind1=" " tag="720">
      <subfield code="a">Préterre, Cécile</subfield>
      <subfield code="e">author</subfield>
   </datafield>
   <datafield ind2=" " ind1=" " tag="720">
      <subfield code="a">Ribo, Marc</subfield>
      <subfield code="e">author</subfield>
   </datafield>
   <datafield ind2=" " ind1=" " tag="260">
      <subfield code="c">2023-11-23T14:01:36Z</subfield>
   </datafield>
   <datafield ind2=" " ind1=" " tag="260">
      <subfield code="c">2023-11-23T14:01:36Z</subfield>
   </datafield>
   <datafield ind2=" " ind1=" " tag="260">
      <subfield code="c">2023-11</subfield>
   </datafield>
   <datafield ind2=" " ind1=" " tag="520">
      <subfield code="a">Stroke; Thrombectomy; Thrombolysis</subfield>
   </datafield>
   <datafield ind2=" " ind1=" " tag="520">
      <subfield code="a">Ictus; Trombectomia; Trombòlisi</subfield>
   </datafield>
   <datafield ind2=" " ind1=" " tag="520">
      <subfield code="a">Ictus; Trombectomía; Trombólisis</subfield>
   </datafield>
   <datafield ind2=" " ind1=" " tag="520">
      <subfield code="a">Background A potential benefit of intravenous thrombolysis (IVT) before mechanical thrombectomy (MT) is pre-interventional reperfusion. Currently, there are few data on the occurrence of pre-interventional reperfusion in patients randomized to IVT or no IVT before MT.&#xd;
Methods SWIFT DIRECT (Solitaire With the Intention For Thrombectomy Plus Intravenous t-PA vs DIRECT Solitaire Stent-retriever Thrombectomy in Acute Anterior Circulation Stroke) was a randomized controlled trial including acute ischemic stroke IVT eligible patients being directly admitted to a comprehensive stroke center, with allocation to IVT with MT versus MT alone. The primary endpoint of this analysis was the occurrence of pre-interventional reperfusion, defined as a pre-interventional expanded Thrombolysis in Cerebral Infarction score of ≥2a. The effect of IVT and potential treatment effect heterogeneity were analyzed using logistic regression analyses.&#xd;
Results Of 396 patients, pre-interventional reperfusion occurred in 20 (10.0%) patients randomized to IVT with MT, and in 7 (3.6%) patients randomized to MT alone. Receiving IVT favored the occurrence of pre-interventional reperfusion (adjusted OR 2.91, 95% CI 1.23 to 6.87). There was no IVT treatment effect heterogeneity on the occurrence of pre-interventional reperfusion with different strata of Randomization-to-Groin-Puncture time (p for interaction=0.33), although the effect tended to be stronger in patients with a Randomization-to-Groin-Puncture time >28 min (adjusted OR 4.65, 95% CI 1.16 to 18.68). There were no significant differences in rates of functional outcomes between patients with and without pre-interventional reperfusion.&#xd;
Conclusion Even for patients with proximal large vessel occlusions and direct access to MT, IVT resulted in an absolute increase of 6% in rates of pre-interventional reperfusion. The influence of time strata on the occurrence of pre-interventional reperfusion should be studied further in an individual patient data meta-analysis of comparable trials.&#xd;
Trial registration number clinicaltrials.gov NCT03192332.</subfield>
   </datafield>
   <datafield ind1="8" ind2=" " tag="024">
      <subfield code="a">http://hdl.handle.net/11351/10649</subfield>
   </datafield>
   <datafield tag="653" ind2=" " ind1=" ">
      <subfield code="a">Malalties cerebrovasculars - Cirurgia</subfield>
   </datafield>
   <datafield tag="653" ind2=" " ind1=" ">
      <subfield code="a">Vasos sanguinis - Cirurgia</subfield>
   </datafield>
   <datafield tag="653" ind2=" " ind1=" ">
      <subfield code="a">Teràpia trombolítica</subfield>
   </datafield>
   <datafield tag="653" ind2=" " ind1=" ">
      <subfield code="a">ANALYTICAL, DIAGNOSTIC AND THERAPEUTIC TECHNIQUES, AND EQUIPMENT::Surgical Procedures, Operative::Cardiovascular Surgical Procedures::Vascular Surgical Procedures::Thrombectomy</subfield>
   </datafield>
   <datafield tag="653" ind2=" " ind1=" ">
      <subfield code="a">ANALYTICAL, DIAGNOSTIC AND THERAPEUTIC TECHNIQUES, AND EQUIPMENT::Therapeutics::Mechanical Thrombolysis</subfield>
   </datafield>
   <datafield tag="653" ind2=" " ind1=" ">
      <subfield code="a">DISEASES::Nervous System Diseases::Central Nervous System Diseases::Brain Diseases::Cerebrovascular Disorders::Stroke</subfield>
   </datafield>
   <datafield tag="653" ind2=" " ind1=" ">
      <subfield code="a">TÉCNICAS Y EQUIPOS ANALÍTICOS, DIAGNÓSTICOS Y TERAPÉUTICOS::intervenciones quirúrgicas::procedimientos quirúrgicos cardiovasculares::procedimientos quirúrgicos vasculares::trombectomía</subfield>
   </datafield>
   <datafield tag="653" ind2=" " ind1=" ">
      <subfield code="a">TÉCNICAS Y EQUIPOS ANALÍTICOS, DIAGNÓSTICOS Y TERAPÉUTICOS::terapéutica::trombólisis mecánica</subfield>
   </datafield>
   <datafield tag="653" ind2=" " ind1=" ">
      <subfield code="a">ENFERMEDADES::enfermedades del sistema nervioso::enfermedades del sistema nervioso central::enfermedades cerebrales::trastornos cerebrovasculares::accidente cerebrovascular</subfield>
   </datafield>
   <datafield ind2="0" ind1="0" tag="245">
      <subfield code="a">Association of intravenous thrombolysis and pre-interventional reperfusion: a post hoc analysis of the SWIFT DIRECT trial</subfield>
   </datafield>
</record></metadata></record></GetRecord></OAI-PMH>